Los residuos especiales de generación universal en el MERCOSUR /
保存先:
| 第一著者: | |
|---|---|
| フォーマット: | テキスト |
| タグ: |
タグ追加
タグなし, このレコードへの初めてのタグを付けませんか!
|
MARC
| LEADER | 00000 a a2200000 04500 | ||
|---|---|---|---|
| 001 | 13108 | ||
| 003 | |||
| 040 | |||
| 100 | |a Devia, Leila | ||
| 245 | |a Los residuos especiales de generación universal en el MERCOSUR / |c Leila Devia | ||
| 773 | |g volumen 7, número 3; páginas 22-23 | ||
| 999 | |c 40227 |d 40227 | ||
